| Tag |
First Indicator |
Second Indicator |
Subfields |
| LEADER |
00000cam a2200000 4500 |
| 001 |
in00000016279 |
| 005 |
20151007052730.0 |
| 008 |
780731s1903 gw b 00010 grc |
| 010 |
|
|
|a 04031913
|
| 035 |
|
|
|a (OCoLC)04096100
|
| 035 |
|
|
|9 AAA8965AM
|
| 040 |
|
|
|a DLC
|c SUC
|d SUC
|d m/c
|d TXA
|d UtOrBLW
|
| 049 |
|
|
|a TXAM
|v 1 [A11485210]
|v 2 [A11485228]
|v 3 [A11485236]
|
| 050 |
|
0 |
|a PA3404
|b .P3 1903
|
| 100 |
0 |
|
|a Pausânias.
|
| 245 |
1 |
0 |
|a Pausaniae Graeciae descriptio /
|c recognovit Fridericus Spiro.
|
| 264 |
|
1 |
|a Lipsiae :
|b In aedibus B.G. Teubneri,
|c 1903.
|
| 300 |
|
|
|a 3 volumes ;
|c 18 cm.
|
| 336 |
|
|
|a text
|b txt
|2 rdacontent
|
| 337 |
|
|
|a unmediated
|b n
|2 rdamedia
|
| 338 |
|
|
|a volume
|b nc
|2 rdacarrier
|
| 490 |
1 |
|
|a Bibliotheca scriptorum graecorum et romanorum Teubneriana. [S.g.]
|
| 500 |
|
|
|a Title also in Greek.
|
| 504 |
|
|
|a Includes bibliographical references.
|
| 505 |
0 |
|
|a v.1. Libros I - IV Continens -- v.2. Libros V - VIII Continens -- v.3. Libros IX ET X ET Indicem Continens.
|
| 700 |
1 |
|
|a Spiro, Friedrich,
|d b. 1863.
|
| 830 |
|
0 |
|a Bibliotheca scriptorum Graecorum et Romanorum Teubneriana.
|
| 999 |
|
|
|a MARS
|
| 999 |
f |
f |
|s ee427f6b-1b57-3d76-8676-f2c4c532bb18
|i 8d97d3e8-f486-3d13-930e-66f1266e2091
|t 0
|
| 952 |
f |
f |
|p noncirc
|a Texas A&M University
|b College Station
|c Sterling C. Evans Library
|d Bodrum (located in Turkey)
|t 0
|e PA3404 .P3 1903
|h Library of Congress classification
|i unmediated -- volume
|k v.2
|
| 952 |
f |
f |
|p noncirc
|a Texas A&M University
|b College Station
|c Sterling C. Evans Library
|d Bodrum (located in Turkey)
|t 0
|e PA3404 .P3 1903
|h Library of Congress classification
|i unmediated -- volume
|k v.1
|
| 952 |
f |
f |
|p noncirc
|a Texas A&M University
|b College Station
|c Sterling C. Evans Library
|d Bodrum (located in Turkey)
|t 0
|e PA3404 .P3 1903
|h Library of Congress classification
|i unmediated -- volume
|k v.3
|
| 952 |
f |
f |
|p ric
|a Texas A&M University
|b Rellis Campus
|c Joint Library Facility
|d Remote Storage
|t 0
|e PA3404 .P3 1903
|h Library of Congress classification
|i unmediated -- volume
|k v.2
|m A14811485228
|
| 952 |
f |
f |
|p ric
|a Texas A&M University
|b Rellis Campus
|c Joint Library Facility
|d Remote Storage
|t 0
|e PA3404 .P3 1903
|h Library of Congress classification
|i unmediated -- volume
|k v.1
|m A14811485210
|
| 952 |
f |
f |
|p ric
|a Texas A&M University
|b Rellis Campus
|c Joint Library Facility
|d Remote Storage
|t 0
|e PA3404 .P3 1903
|h Library of Congress classification
|i unmediated -- volume
|k v.3
|m A14811485236
|
| 998 |
f |
f |
|a PA3404 .P3 1903
|s v.1-v.3
|t 0
|l Remote Storage
|
| 998 |
f |
f |
|a PA3404 .P3 1903
|s v.1-v.3
|t 0
|l Bodrum (located in Turkey)
|